Independent unions under the Wagner Act. : A manual for attorneys, labor relations advisors and union officials acting for employers, employees or unions in relation to the National Labor Relations Act, with complete forms /

Bibliographic Details
Main Author: Salny, Samuel M., 1899-
Format: Book
Language:English
Published: Boston : E. W. Hildreth, Inc., 1944.
Subjects:

MARC

Tag First Indicator Second Indicator Subfields
LEADER 00000cam a2200000 4500
001 in00000083586
005 20151008053122.0
008 780510s1944 mau b 00110 engm
010 |a  44002173  
035 |a (OCoLC)03883579 
035 |9 AAH6280AM 
040 |a DLC  |c GZN  |d GZN  |d TXA  |d UtOrBLW 
049 |a TXAM  |c [163177] 
050 0 |a HD5650  |b .S3 
082 0 |a 331.880973 
092 |a 331.88  |b S172i 
100 1 |a Salny, Samuel M.,  |d 1899- 
245 1 0 |a Independent unions under the Wagner Act. :  |b A manual for attorneys, labor relations advisors and union officials acting for employers, employees or unions in relation to the National Labor Relations Act, with complete forms /  |c by Samuel M. Salny. 
264 1 |a Boston :  |b E. W. Hildreth, Inc.,  |c 1944. 
300 |a viii, 342 pages ;  |c 24 cm. 
336 |a text  |b txt  |2 rdacontent 
337 |a unmediated  |b n  |2 rdamedia 
338 |a volume  |b nc  |2 rdacarrier 
500 |a "Table of cases": pages 307-322. 
650 0 |a Management  |x Employee participation. 
650 0 |a Labor unions  |z United States. 
999 |a MARS 
999 f f |s 98dcad94-d72b-3c2a-96dc-23c3b78af8c8  |i e22e1c3e-b422-3b70-bc04-1afdeb8edd9a  |t 0 
952 f f |p ric  |a Texas A&M University  |b Rellis Campus  |c Joint Library Facility  |d Remote Storage  |t 0  |e HD5650 .S3  |h Library of Congress classification  |i unmediated -- volume  |m A14800723590 
998 f f |a HD5650 .S3  |t 0  |l Remote Storage